000 00659nam a22001817a 4500
003 BUBTL
008 190406b xxu||||| |||| 00| 0 eng d
020 _a984-410-032-1
082 _a891.443/ Is41m/ 1991
100 _92264
_aইসলাম, কাজী নজরুল
245 _aমৃত্যুক্ষুধা /
_cকাজী নজরুল ইসলাম
260 _aঢাকা :
_bমাওলা ব্রাদার্স,
_cc1991.
300 _a80 p. :
_c22 cm.
650 0 _91689
_aবাংলা সাহিত্য
856 _k0
_l0
_yDownload
942 _2ddc
_cBK
999 _c5955
_d5955